Library Banner

Lord lawrence (Record no. 77754)

MARC details
000 -LEADER
fixed length control field 00363nam a22001457a 4500
005 - DATE AND TIME OF LATEST TRANSACTION
control field 20151022123815.0
008 - FIXED-LENGTH DATA ELEMENTS--GENERAL INFORMATION
fixed length control field 151022b xxu||||| |||| 00| 0 eng d
040 ## - CATALOGING SOURCE
Transcribing agency PK-LaUMT
082 ## - DEWEY DECIMAL CLASSIFICATION NUMBER
Classification number KHC 954.0351
Item number CHA-L
100 ## - MAIN ENTRY--PERSONAL NAME
Personal name Charles Aitchison
245 ## - TITLE STATEMENT
Title Lord lawrence
Statement of responsibility, etc Charles Aitchison
260 ## - PUBLICATION, DISTRIBUTION, ETC. (IMPRINT)
Place of publication, distribution, etc Oxford
Name of publisher, distributor, etc Clarendon
Date of publication, distribution, etc 1916
300 ## - PHYSICAL DESCRIPTION
Extent 215 p.
942 ## - ADDED ENTRY ELEMENTS (KOHA)
Koha item type Books
Holdings
Withdrawn status Lost status Damaged status Home library Current library Date acquired Full call number Barcode Date last seen Price effective from Koha item type
      UMT Main Campus UMT Main Campus 2015-10-22 KHC 954.0351 CHA-L 73918 2015-10-22 2015-10-22 Books